Statistiques concernant Jeu vidéo par lettre - F

Cliquez ici pour prendre le quiz!

Statistiques générales

  • Ce quiz a été pris 373 fois
  • Le résultat moyen est 11 sur 20

Statistiques - réponses

IndicesRéponses% Correct
Célèbre battle royale d'Epic Games dont la popularité explosa en 2017Fortnite
97%
Série de simulations sportives la plus vendue (260 millions d'exemplaires)FIFA
90%
Série de RPG de Square Enix, concurrente de Dragon Quest dont elle s'inspire
et mettant en scène Cloud, Cid ou encore Aeris
Final Fantasy
90%
Renard anthropomorphe, héros de la série Star ___Fox McLoud
88%
Type de Gruikui, Galopa ou encore ReshiramFeu
85%
Jeu pour mobile célèbre pour ses graphismes type 16-bits et le petit oiseau
jaune évitant les obstacles, accusé de plagiat (tuyaux des jeux Mario)
Flappy Bird
85%
Genre démocratisé par Doom étant aujourd'hui l'un des plus populairesFPS
79%
Série d'une quinzaine de titres offrant au joueur la gestion d'une ferme avec la
possibilité d'élever des animaux
Farming Simulator
65%
Série d'action-RPG reprise par Bethesda, suite spirituelle de Wasteland se
déroulant dans des Etats-Unis postapocalyptiques uchroniques
Fallout
64%
Série de jeux de course futuriste dont Captain Falcon est le protagonisteF-Zero
58%
Série de ce genre, de Crytek et Ubisoft, comptant 6 opus connue pour ses
environnements exotiques en monde ouvert
Far Cry
55%
Kong surfer proposant des biens et services à Donkey et Diddy et jouable dans
Mario Kart Wii
Funky Kong
52%
Jeu multijoueur de Mediatonic sorti en 2020 s'inspirant de jeux télévisés tels
que Wipeout ou encore Takeshi Castle
Fall Guys: Ultimate Knockout
45%
Série de tactical RPG éditée par Nintendo très populaire au Japon mais n'ayant
foulé le sol occidental qu'à partir de 2004
Fire Emblem
43%
Jeux de LionHead Studios emblématiques de la production de Peter Molyneux,
deuxième licence par le nombre de ventes sur Xbox après Halo
Fable
36%
Boss des plantes piranha, elle est capable de voler et associée au Roi Boo
dans Mario Kart: Double Dash!!
Flora Piranha
34%
Série de jeux de combat de SNK mettant notamment en scène Terry BogardFatal Fury
21%
Classique de l'arcade des années 1980 développé par Konami dans lequel
le joueur lutte pour la survie de petites grenouilles
Frogger
21%
Famille noble écossaise dont le dernier représentant, Daniel, est le
protagoniste des jeux MediEvil
Fortesque
5%
Belette chasseur de trésors, et notamment d'Emeraude du Chaos s'opposant
parfois à Sonic et ses alliés dans sa quête de profit
Fang
3%

Distribution des résultats

Percentile par nombre de réponses

% des personnes avec chaque résultat

Votre développement - résultats

Vous n’avez pas pris ce quiz